Mr Calzone Songs - Statistics

General Stats
  • This quiz has been taken 2 times
  • The average score is 8 of 15
Answer Stats
Hint Answer % Correct
Big House Escape
100%
Big House Star
100%
Big House Cant Change it
50%
Big House Death of me
50%
Big House Dont worry bout me
50%
Big House Firebird
50%
Big House Liar
50%
Big House Mr. Calzone
50%
Big House Never Loved Me
50%
Big House Oh Wow
50%
Big House Renaissance
50%
Single Spin the Bottle
50%
Big House Take it on
50%
Big House Welcome Home
50%
Single Oregon
0%
No matching quizzes found
Score Distribution
Percent of People with Each Score
Percentile by Number Answered
Your Score History
You have not taken this quiz